[Event "1. Bundesliga 2016/2017"]
[Site "St. Veit/Glan"]
[Date "2017.03.25"]
[Round "7"]
[Board "3"]
[White "Heimberger, Reinhard"]
[Black "Skoberne, Jure"]
[Result "1/2-1/2"]
[WhiteElo "2282"]
[BlackElo "2544"]
[PlyCount "87"]
[EventDate "2016.10.20"]
[EventType "team"]
[EventRounds "11"]
[EventCountry "AUT"]
[WhiteTeam "ASK St. Valentin"]
[BlackTeam "SV Raika Rapid Feffernitz"]

1.d4 Nf6 2.g3 g6 3.Bg2 Bg7 4.e4 d6 5.Ne2 O-O 6.O-O e5 7.Nbc3 Nc6 8.h3 exd4 9.Nxd4
Bd7 10.Be3 Re8 11.Re1 a6 12.Nxc6 Bxc6 13.Bd4 Re7 14.Qf3 Nd7 15.Bxg7 Kxg7 16.Nd5 Bxd5
17.exd5 Rxe1+ 18.Rxe1 Qf6 19.Qxf6+ Kxf6 20.f4 h6 21.h4 h5 22.Re3 a5 23.b3 b5 24.a3
Nb6 25.Rc3 Ra7 26.Kf2 b4 27.axb4 axb4 28.Rd3 Ra2 29.Rd2 Nd7 30.Ke3 Nc5 31.Re2 Rb2
32.Rd2 Rb1 33.Ke2 Rc1 34.Kf2 Ke7 35.Re2+ Kd8 36.Ke3 Rd1 37.Rd2 Re1+ 38.Re2 Rd1 39.Rd2
Rg1 40.Kd4 Re1 41.Bf3 Rf1 42.Bg2 Re1 43.Bf3 Rf1 44.Bg2 1/2-1/2

[Event "1. Bundesliga 2016/2017"]
[Site "St. Veit/Glan"]
[Date "2017.03.25"]
[Round "7"]
[Board "4"]
[White "Schreiner, Peter"]
[Black "Kranzl, Peter"]
[Result "1/2-1/2"]
[WhiteElo "2482"]
[BlackElo "2187"]
[PlyCount "64"]
[EventDate "2016.10.20"]
[EventType "team"]
[EventRounds "11"]
[EventCountry "AUT"]
[WhiteTeam "SV Raika Rapid Feffernitz"]
[BlackTeam "ASK St. Valentin"]

1.c4 Nf6 2.Nc3 g6 3.d4 Bg7 4.e4 d6 5.Be2 O-O 6.Be3 c6 7.Nf3 e5 8.d5 Na6 9.Nd2 Ne8
10.O-O f5 11.exf5 gxf5 12.f4 c5 13.a3 b6 14.Rb1 Bd7 15.Qc2 Kh8 16.Kh1 Qe7 17.Rbe1
Nac7 18.b4 exf4 19.Bxf4 Qf6 20.Rf3 Rf7 21.Rg3 Bh6 22.Rf1 Ng7 23.Rh3 Bxf4 24.Rxf4 Rg8
25.Nde4 Qe7 26.Ng3 Nce8 27.Nf1 Nf6 28.Re3 Qd8 29.Ng3 Re7 30.Rxe7 Qxe7 31.Rf1 Qe5 32.Bd3
Ng4 1/2-1/2

[Event "1. Bundesliga 2016/2017"]
[Site "St. Veit/Glan"]
[Date "2017.03.25"]
[Round "7"]
[Board "5"]
[White "Dornauer, Joachim"]
[Black "Diermair, Andreas"]
[Result "0-1"]
[WhiteElo "2166"]
[BlackElo "2473"]
[PlyCount "102"]
[EventDate "2016.10.20"]
[EventType "team"]
[EventRounds "11"]
[EventCountry "AUT"]
[WhiteTeam "ASK St. Valentin"]
[BlackTeam "SV Raika Rapid Feffernitz"]

1.d4 d5 2.Nf3 Nf6 3.c4 e6 4.Nc3 c6 5.e3 Nbd7 6.Bd3 dxc4 7.Bxc4 b5 8.Be2 Bb7 9.e4 b4
10.e5 bxc3 11.exf6 cxb2 12.fxg7 Bxg7 13.Bxb2 c5 14.O-O O-O 15.Qd2 Rb8 16.Rad1 Bd5
17.Bc3 Qf6 18.Ba1 Qg6 19.dxc5 Bxa1 20.Rxa1 Nxc5 21.Rfc1 Qg7 22.Qd4 Qxd4 23.Nxd4 Rfc8
24.Rc2 Ne4 25.Rxc8+ Rxc8 26.a4 Nc3 27.Bf1 a5 28.Nb5 Na2 29.Nd4 Rc3 30.f3 e5 31.Nf5
Be6 32.Nd6 Nc1 33.Bb5 Rc2 34.Nb7 Nb3 35.Rd1 Kg7 36.Rd6 h5 37.h4 Nd4 38.Nxa5 Nf5 39.Ra6
Nxh4 40.Bf1 Ra2 41.Nc6 Ra1 42.Nxe5 Nf5 43.Kf2 Ra2+ 44.Ke1 Ne3 45.Bb5 Nxg2+ 46.Kf1
h4 47.f4 h3 48.Kg1 Nxf4 49.Bc6 h2+ 50.Kh1 Nh5 51.Bg2 Bd5 0-1

[Event "1. Bundesliga 2016/2017"]
[Site "St. Veit/Glan"]
[Date "2017.03.25"]
[Round "7"]
[Board "6"]
[White "Sebenik, Matej"]
[Black "Gelbenegger, Patrick"]
[Result "1-0"]
[WhiteElo "2546"]
[BlackElo "2055"]
[PlyCount "57"]
[EventDate "2016.10.20"]
[EventType "team"]
[EventRounds "11"]
[EventCountry "AUT"]
[WhiteTeam "SV Raika Rapid Feffernitz"]
[BlackTeam "ASK St. Valentin"]

1.Nf3 Nf6 2.g3 d5 3.Bg2 e6 4.O-O g6 5.d3 Bg7 6.Nbd2 O-O 7.e4 b6 8.Re1 Bb7 9.e5 Nfd7
10.d4 c5 11.c3 Nc6 12.Nf1 Rc8 13.Bg5 Qc7 14.h4 h6 15.Bf4 Ba6 16.Ne3 cxd4 17.cxd4 Nb4
18.Qa4 Nd3 19.Qxa6 Nxe1 20.Rxe1 Nb8 21.Qa3 Qb7 22.Bf1 Rc7 23.Ng4 h5 24.Nf6+ Kh8 25.Qe3
Nc6 26.Bh6 Ne7 27.Bd3 Ng8 28.Bxg7+ Kxg7 29.Nxh5+ 1-0

[Event "1. Bundesliga 2016/2017"]
[Site "St. Veit/Glan"]
[Date "2017.03.25"]
[Round "7"]
[Board "1"]
[White "Prohaszka, Peter"]
[Black "Martinovic, Sasa"]
[Result "1/2-1/2"]
[WhiteElo "2592"]
[BlackElo "2551"]
[PlyCount "67"]
[EventDate "2016.10.20"]
[EventType "team"]
[EventRounds "11"]
[EventCountry "AUT"]
[WhiteTeam "mpimmo Wien - SK Ottakring"]
[BlackTeam "SK Hohenems"]

1.d4 Nf6 2.Nf3 e6 3.Bf4 c5 4.e3 Nc6 5.c3 d5 6.Nbd2 cxd4 7.exd4 Nh5 8.Be3 Bd6 9.Ne5
g6 10.Be2 Ng7 11.Nd3 f6 12.f4 Nf5 13.Bf2 h5 14.Nf3 Nce7 15.Qd2 b6 16.O-O-O Qd7 17.Rde1
a5 18.Bh4 Nxh4 19.Nxh4 Qc7 20.g3 Bd7 21.Kb1 O-O-O 22.Bf1 Rhg8 23.Nf3 Kb8 24.Bh3 Nf5
25.Ka1 Bc8 26.Nf2 Rge8 27.Nd1 Bf8 28.Qd3 Qf7 29.Bxf5 exf5 30.Nf2 Ka7 31.Qd2 Bd6 32.Rxe8
Rxe8 33.Re1 Rg8 34.Nd3 1/2-1/2

[Event "1. Bundesliga 2016/2017"]
[Site "St. Veit/Glan"]
[Date "2017.03.25"]
[Round "7"]
[Board "2"]
[White "Atlas, Valery"]
[Black "Banusz, Tamas"]
[Result "0-1"]
[WhiteElo "2437"]
[BlackElo "2613"]
[PlyCount "214"]
[EventDate "2016.10.20"]
[EventType "team"]
[EventRounds "11"]
[EventCountry "AUT"]
[WhiteTeam "SK Hohenems"]
[BlackTeam "mpimmo Wien - SK Ottakring"]

1.e4 e5 2.Nf3 Nc6 3.Bc4 Bc5 4.d3 Nf6 5.O-O a6 6.c3 Ba7 7.a4 h6 8.Na3 d6 9.Nc2 Ne7
10.Be3 Ng6 11.Bxa7 Rxa7 12.d4 Bd7 13.dxe5 dxe5 14.Ne3 O-O 15.Qc2 Bc6 16.Rfd1 Qc8 17.Bd5
Nxd5 18.Nxd5 Bxd5 19.Rxd5 Nf4 20.Rxe5 Nxg2 21.Nd4 Nh4 22.Nf5 Nxf5 23.exf5 Qd8 24.Qe4
Ra8 25.Re1 Qd2 26.Re3 Qd6 27.Qxb7 Rab8 28.Qd5 Rxb2 29.Qxd6 cxd6 30.Rd5 Rb6 31.Red3
Rd8 32.c4 Rb4 33.Rxd6 Rxd6 34.Rxd6 Rxa4 35.Rd8+ Kh7 36.Rc8 Ra5 37.c5 Ra4 38.c6 Rc4
39.Kg2 a5 40.Kf3 a4 41.c7 Rc3+ 42.Kf4 a3 43.Ra8 Rxc7 44.Rxa3 Rc4+ 45.Kf3 h5 46.f6
g5 47.h3 Kg6 48.Kg2 Rf4 49.Ra8 Kxf6 50.Rh8 Rh4 51.Rh6+ Kg7 52.Ra6 Rb4 53.Rc6 f6 54.Rc8
Rb3 55.Ra8 Rb7 56.Rc8 Kg6 57.Ra8 Rb4 58.Rh8 Rb3 59.Rg8+ Kh7 60.Rc8 Kg7 61.Ra8 Rd3
62.Rc8 h4 63.Rc7+ Kg6 64.Rc8 Kf5 65.Rf8 Ke5 66.Re8+ Kf4 67.Rf8 f5 68.Rh8 Rd6 69.Rh7
Ke5 70.Rh5 Rg6 71.Rh7 Rg8 72.Rh6 Rg7 73.Rh5 Kf6 74.Rh8 Kg6 75.Kh2 Ra7 76.Kg2 Kg7 77.Rh5
Kg6 78.Rh8 Rd7 79.Rg8+ Kh6 80.Rh8+ Kg7 81.Rh5 Kg6 82.Rh8 Rh7 83.Rg8+ Kf6 84.Kh2 Ke5
85.Rxg5 Kf4 86.Rg8 Kf3 87.Ra8 Re7 88.Rh8 Kxf2 89.Rxh4 Re4 90.Rh8 f4 91.h4 f3 92.Kh3
Ke1 93.Ra8 f2 94.Ra1+ Ke2 95.Kg2 Rg4+ 96.Kh3 Rg1 97.Ra2+ Kf3 98.Ra3+ Ke4 99.Ra4+ Kd5
100.Ra5+ Kc6 101.Ra6+ Kb7 102.Rf6 f1=Q+ 103.Rxf1 Rxf1 104.Kg4 Kc7 105.Kg5 Kd7 106.h5
Ke7 107.Kg6 Kf8 0-1

[Event "1. Bundesliga 2016/2017"]
[Site "St. Veit/Glan"]
[Date "2017.03.25"]
[Round "7"]
[Board "3"]
[White "Papp, Gabor"]
[Black "Froewis, Georg"]
[Result "1/2-1/2"]
[WhiteElo "2581"]
[BlackElo "2435"]
[PlyCount "96"]
[EventDate "2016.10.20"]
[EventType "team"]
[EventRounds "11"]
[EventCountry "AUT"]
[WhiteTeam "mpimmo Wien - SK Ottakring"]
[BlackTeam "SK Hohenems"]

1.e4 e6 2.d4 d5 3.Nd2 h6 4.Bd3 c5 5.Ngf3 Nf6 6.exd5 exd5 7.O-O c4 8.Re1+ Be7 9.Bf1
O-O 10.c3 b5 11.Ne5 Bb7 12.g3 Nbd7 13.Bg2 Re8 14.a4 a6 15.axb5 axb5 16.Rxa8 Bxa8 17.Nf1
Nxe5 18.Rxe5 Bd6 19.Rxe8+ Qxe8 20.Ne3 Bc6 21.Bf3 Bf8 22.h4 Qe6 23.Ng2 Bd6 24.Bf4 Bd7
25.Bxd6 Qxd6 26.Ne3 Be6 27.Qa1 b4 28.Qa5 bxc3 29.bxc3 g6 30.Kg2 Kg7 31.Bd1 Ne4 32.Bc2
Nf6 33.Qa7 Ng4 34.Nf1 Bc8 35.Qa1 Qf6 36.Qe1 Qe6 37.Qxe6 Bxe6 38.f3 Nf6 39.g4 Ne8 40.Ne3
Kf6 41.Ba4 Nc7 42.f4 Ke7 43.Kg3 Bc8 44.Bc2 Kd6 45.g5 hxg5 46.fxg5 Nb5 47.Nd1 Na3 48.Ne3
Nb5 1/2-1/2

[Event "1. Bundesliga 2016/2017"]
[Site "St. Veit/Glan"]
[Date "2017.03.25"]
[Round "7"]
[Board "4"]
[White "Baldauf, Marco"]
[Black "Dragnev, Valentin"]
[Result "1/2-1/2"]
[WhiteElo "2456"]
[BlackElo "2515"]
[PlyCount "41"]
[EventDate "2016.10.20"]
[EventType "team"]
[EventRounds "11"]
[EventCountry "AUT"]
[WhiteTeam "SK Hohenems"]
[BlackTeam "mpimmo Wien - SK Ottakring"]

1.d4 Nf6 2.c4 e6 3.Nc3 Bb4 4.Qc2 d5 5.cxd5 exd5 6.Bg5 c5 7.dxc5 h6 8.Bh4 g5 9.Bg3
Ne4 10.e3 Qa5 11.Rc1 Qxa2 12.Bb5+ Bd7 13.Bxd7+ Nxd7 14.Nge2 Nxc3 15.Nxc3 Qc4 16.Qf5
Nxc5 17.Qe5+ Kd7 18.Qd6+ Ke8 19.Qe5+ Kd7 20.Qd6+ Ke8 21.Qe5+ 1/2-1/2

[Event "1. Bundesliga 2016/2017"]
[Site "St. Veit/Glan"]
[Date "2017.03.25"]
[Round "7"]
[Board "5"]
[White "Stohl, Igor"]
[Black "Baenziger, Fabian"]
[Result "1-0"]
[WhiteElo "2502"]
[BlackElo "2312"]
[PlyCount "59"]
[EventDate "2016.10.20"]
[EventType "team"]
[EventRounds "11"]
[EventCountry "AUT"]
[WhiteTeam "mpimmo Wien - SK Ottakring"]
[BlackTeam "SK Hohenems"]

1.c4 Nf6 2.d4 c5 3.Nf3 cxd4 4.Nxd4 b6 5.Nc3 Bb7 6.f3 d6 7.e4 e6 8.Be2 Be7 9.O-O O-O
10.Be3 a6 11.Qd2 Nbd7 12.a4 Qc7 13.a5 Rab8 14.Nb3 bxa5 15.Nxa5 Ba8 16.Rfc1 Rfe8 17.Nd1
Qd8 18.Kh1 Nc5 19.Nf2 Qb6 20.Rcb1 Qc7 21.b4 Ncd7 22.Rc1 Rec8 23.Nd3 Qd8 24.Ba7 d5
25.Bxb8 dxe4 26.Ne5 Bxb4 27.Qxb4 Rxb8 28.Qd6 Nxe5 29.Qxe5 exf3 30.Bxf3 1-0

[Event "1. Bundesliga 2016/2017"]
[Site "St. Veit/Glan"]
[Date "2017.03.25"]
[Round "7"]
[Board "1"]
[White "Georgiadis, Nico"]
[Black "Ragger, Markus"]
[Result "1/2-1/2"]
[WhiteElo "2478"]
[BlackElo "2677"]
[PlyCount "46"]
[EventDate "2016.10.20"]
[EventType "team"]
[EventRounds "11"]
[EventCountry "AUT"]
[WhiteTeam "Schachclub Sparkasse Goetzis"]
[BlackTeam "SC MPOE Maria Saal"]

1.d4 Nf6 2.c4 g6 3.Nc3 d5 4.Nf3 Bg7 5.h4 dxc4 6.e4 c5 7.d5 b5 8.h5 O-O 9.hxg6 fxg6
10.e5 Ng4 11.d6 e6 12.Rxh7 Rf5 13.Rh3 Nc6 14.Nxb5 Ngxe5 15.Nxe5 Rxe5+ 16.Be3 Nd4 17.Bxc4
Nxb5 18.Qd3 Nd4 19.Qxg6 Qf6 20.Qe8+ Qf8 21.Qg6 Qf6 22.Qe8+ Qf8 23.Qg6 Qf6 1/2-1/2

[Event "1. Bundesliga 2016/2017"]
[Site "St. Veit/Glan"]
[Date "2017.03.25"]
[Round "7"]
[Board "2"]
[White "Buhmann, Rainer"]
[Black "Krassowizkij, Jaroslaw"]
[Result "1-0"]
[WhiteElo "2609"]
[BlackElo "2453"]
[PlyCount "45"]
[EventDate "2016.10.20"]
[EventType "team"]
[EventRounds "11"]
[EventCountry "AUT"]
[WhiteTeam "SC MPOE Maria Saal"]
[BlackTeam "Schachclub Sparkasse Goetzis"]

1.Nf3 Nf6 2.c4 c5 3.Nc3 Nc6 4.d4 cxd4 5.Nxd4 e6 6.Bf4 d5 7.e3 Bb4 8.Nxc6 bxc6 9.Qa4
Bxc3+ 10.bxc3 O-O 11.Bd3 a5 12.c5 Ba6 13.Bxa6 Rxa6 14.Qd4 a4 15.O-O Qa5 16.Be5 Ne8
17.Rab1 f6 18.Bb8 e5 19.Qg4 f5 20.Qg3 Qxc3 21.Bxe5 Qxc5 22.Rb7 Ra7 23.Bd6 1-0

[Event "1. Bundesliga 2016/2017"]
[Site "St. Veit/Glan"]
[Date "2017.03.25"]
[Round "7"]
[Board "3"]
[White "Eisenbeiser, Amadeus"]
[Black "Predojevic, Borki"]
[Result "0-1"]
[WhiteElo "2387"]
[BlackElo "2616"]
[PlyCount "66"]
[EventDate "2016.10.20"]
[EventType "team"]
[EventRounds "11"]
[EventCountry "AUT"]
[WhiteTeam "Schachclub Sparkasse Goetzis"]
[BlackTeam "SC MPOE Maria Saal"]

1.e4 c5 2.Nf3 d6 3.Bc4 Nf6 4.Qe2 Nc6 5.c3 Bg4 6.d3 e6 7.Bb3 Be7 8.Bf4 d5 9.h3 Bh5
10.Nbd2 O-O 11.g4 Bg6 12.Bc2 Rc8 13.Kf1 Qb6 14.Rb1 Qa6 15.a3 Rfd8 16.Bg3 h6 17.Ne1
dxe4 18.Nxe4 b5 19.f3 b4 20.axb4 cxb4 21.Bd1 bxc3 22.bxc3 Nd5 23.Qb2 Qa5 24.Ra1 Ne3+
25.Ke2 Nxd1 26.Rxd1 f5 27.Nf2 Bf6 28.d4 e5 29.gxf5 Bxf5 30.Qb3+ Kh8 31.d5 Qa6+ 32.Ned3
Rb8 33.Ra1 Qxd3+ 0-1

[Event "1. Bundesliga 2016/2017"]
[Site "St. Veit/Glan"]
[Date "2017.03.25"]
[Round "7"]
[Board "4"]
[White "Naumann, Alexander"]
[Black "Kessler, Luca"]
[Result "1-0"]
[WhiteElo "2565"]
[BlackElo "2433"]
[PlyCount "70"]
[EventDate "2016.10.20"]
[EventType "team"]
[EventRounds "11"]
[EventCountry "AUT"]
[WhiteTeam "SC MPOE Maria Saal"]
[BlackTeam "Schachclub Sparkasse Goetzis"]

1.e4 e5 2.Nf3 Nc6 3.d4 exd4 4.Nxd4 Nf6 5.Nxc6 bxc6 6.e5 Qe7 7.Qe2 Nd5 8.c4 Ba6 9.Nd2
Nb6 10.Qe4 d5 11.exd6 cxd6 12.b3 Qxe4+ 13.Nxe4 d5 14.cxd5 Bxf1 15.Rxf1 cxd5 16.Ng5
f6 17.Ne6 Kd7 18.Nxf8+ Rhxf8 19.Be3 Rfc8 20.Kd2 Rc6 21.Bd4 Rac8 22.Rac1 a6 23.Bxb6
Rxb6 24.Rxc8 Kxc8 25.Rc1+ Kd7 26.Rc5 Kd6 27.Rc8 g5 28.Kc3 h5 29.b4 h4 30.a3 Ke5 31.Re8+
Kf4 32.Kd4 Rc6 33.Re3 g4 34.g3+ Kg5 35.f3 gxf3 1-0

[Event "1. Bundesliga 2016/2017"]
[Site "St. Veit/Glan"]
[Date "2017.03.26"]
[Round "8"]
[Board "1"]
[White "Bosiocic, Marin"]
[Black "Ragger, Markus"]
[Result "0-1"]
[WhiteElo "2610"]
[BlackElo "2677"]
[PlyCount "140"]
[EventDate "2016.10.20"]
[EventType "team"]
[EventRounds "11"]
[EventCountry "AUT"]
[WhiteTeam "SV Pillenkoenig St. Veit"]
[BlackTeam "SC MPOE Maria Saal"]

1.Nf3 Nf6 2.e3 g6 3.b4 e6 4.a3 Bg7 5.Bb2 b6 6.Be2 Bb7 7.O-O O-O 8.c4 c5 9.Nc3 Nc6
10.Qb3 Qe7 11.Rab1 d6 12.d4 cxd4 13.exd4 e5 14.dxe5 dxe5 15.Rfe1 Rad8 16.Bf1 Qe6 17.Nb5
a6 18.Nbd4 Nxd4 19.Nxd4 Qd6 20.Nc2 Ne4 21.Rbd1 Qxd1 22.Rxd1 Rxd1 23.Ne3 Rdd8 24.Bd3
Ng5 25.h4 Ne6 26.Bf1 Nd4 27.Qa2 h5 28.a4 Kh7 29.a5 b5 30.cxb5 Nxb5 31.Bxb5 axb5 32.Qa1
Rfe8 33.Qf1 Bc6 34.Qe2 Re6 35.Qc2 Bf8 36.Bxe5 Bxb4 37.a6 Ra8 38.Qb2 Rxa6 39.Qxb4 Rxe5
40.Qf4 Re7 41.Qf6 Rea7 42.g4 hxg4 43.Kh2 Bf3 44.Qd4 Ra4 45.Qf6 R4a6 46.Qd4 Rb7 47.Qb4
Ra4 48.Qb3 Ra1 49.Kg3 b4 50.h5 Ra3 51.hxg6+ fxg6 52.Qb2 b3 53.Nxg4 Bxg4 54.Kxg4 Ra2
55.Qb1 Kg7 56.Qe4 Ra4 57.Qxa4 b2 58.Kg5 b1=Q 59.Qd4+ Kf7 60.Qd5+ Ke7 61.Qe5+ Kd7 62.Qd5+
Kc7 63.Qc5+ Kb8 64.Qf8+ Ka7 65.Qa3+ Kb6 66.Qd6+ Ka5 67.Qd8+ Qb6 68.Qd5+ Qb5 69.Qxb5+
Kxb5 70.Kxg6 Kc6 0-1

[Event "1. Bundesliga 2016/2017"]
[Site "St. Veit/Glan"]
[Date "2017.03.26"]
[Round "8"]
[Board "2"]
[White "Buhmann, Rainer"]
[Black "Brkic, Ante"]
[Result "1/2-1/2"]
[WhiteElo "2609"]
[BlackElo "2552"]
[PlyCount "108"]
[EventDate "2016.10.20"]
[EventType "team"]
[EventRounds "11"]
[EventCountry "AUT"]
[WhiteTeam "SC MPOE Maria Saal"]
[BlackTeam "SV Pillenkoenig St. Veit"]

1.Nf3 d5 2.d4 Nf6 3.c4 e6 4.Nc3 Bb4 5.Qa4+ Nc6 6.e3 O-O 7.Bd2 dxc4 8.Bxc4 Bd6 9.Qc2
e5 10.dxe5 Nxe5 11.Nxe5 Bxe5 12.f4 Bxc3 13.Bxc3 Qe7 14.O-O Rd8 15.Rae1 Be6 16.Bxe6
Qxe6 17.e4 Qc4 18.Rf3 Rd4 19.Rg3 Re8 20.h3 Rdxe4 21.Rxe4 Rxe4 22.Qd1 Qc5+ 23.Kh2 Ne8
24.Qd8 f6 25.Bxf6 Qd6 26.Bxg7 Qxd8 27.Bf6+ Kf7 28.Bxd8 Rxf4 29.Rd3 Rf2 30.Rd7+ Kg8
31.Re7 Kf8 32.Rxh7 Rxb2 33.Bxc7 Rxa2 34.Be5 b5 35.Rb7 a6 36.Kg3 Re2 37.Bd4 Kg8 38.Kf3
Rd2 39.Be5 Nd6 40.Rg7+ Kf8 41.Ra7 b4 42.Rxa6 Nc4 43.Bf4 b3 44.Bxd2 Nxd2+ 45.Kf4 b2
46.Rb6 b1=Q 47.Rxb1 Nxb1 48.g4 Nd2 49.h4 Kg7 50.g5 Kg6 51.h5+ Kxh5 52.Kf5 Nf3 53.g6
Nh4+ 54.Kf6 Nxg6 1/2-1/2

[Event "1. Bundesliga 2016/2017"]
[Site "St. Veit/Glan"]
[Date "2017.03.26"]
[Round "8"]
[Board "3"]
[White "Antoniewski, Rafal"]
[Black "Predojevic, Borki"]
[Result "1/2-1/2"]
[WhiteElo "2535"]
[BlackElo "2616"]
[PlyCount "28"]
[EventDate "2016.10.20"]
[EventType "team"]
[EventRounds "11"]
[EventCountry "AUT"]
[WhiteTeam "SV Pillenkoenig St. Veit"]
[BlackTeam "SC MPOE Maria Saal"]

1.e4 e5 2.Nf3 Nc6 3.Bc4 Bc5 4.O-O Nf6 5.d3 O-O 6.Nbd2 d6 7.c3 a5 8.h3 Bd7 9.a4 h6
10.Re1 Be6 11.Bb5 Na7 12.Bc4 Nc6 13.Bb5 Na7 14.Bc4 Nc6 1/2-1/2

[Event "1. Bundesliga 2016/2017"]
[Site "St. Veit/Glan"]
[Date "2017.03.26"]
[Round "8"]
[Board "4"]
[White "Naumann, Alexander"]
[Black "Koop, Thorben"]
[Result "1/2-1/2"]
[WhiteElo "2565"]
[BlackElo "2398"]
[PlyCount "63"]
[EventDate "2016.10.20"]
[EventType "team"]
[EventRounds "11"]
[EventCountry "AUT"]
[WhiteTeam "SC MPOE Maria Saal"]
[BlackTeam "SV Pillenkoenig St. Veit"]

1.e4 c5 2.Nf3 Nc6 3.d4 cxd4 4.Nxd4 e5 5.Nb5 d6 6.N1c3 a6 7.Na3 b5 8.Nd5 Nge7 9.c4
Nd4 10.Bd3 Nxd5 11.cxd5 Be7 12.Nc2 Nxc2+ 13.Qxc2 Bd7 14.Be3 O-O 15.Qd2 h6 16.O-O Bg5
17.Rac1 Bxe3 18.Qxe3 Qb8 19.h3 Qb7 20.Be2 Rac8 21.Bg4 Rxc1 22.Rxc1 Rc8 23.Rxc8+ Bxc8
24.Qc3 Bxg4 25.hxg4 Kf8 26.g3 f6 27.Kg2 Ke8 28.b4 Ke7 29.a3 g5 30.Qc1 Kf8 31.Qc3 Kf7
32.Qc1 1/2-1/2

[Event "1. Bundesliga 2016/2017"]
[Site "St. Veit/Glan"]
[Date "2017.03.26"]
[Round "8"]
[Board "6"]
[White "Handler, Lukas"]
[Black "Hiebler, Laura"]
[Result "1-0"]
[WhiteElo "2378"]
[BlackElo "2029"]
[PlyCount "71"]
[EventDate "2016.10.20"]
[EventType "team"]
[EventRounds "11"]
[EventCountry "AUT"]
[WhiteTeam "SC MPOE Maria Saal"]
[BlackTeam "SV Pillenkoenig St. Veit"]

1.Nf3 Nf6 2.g3 b6 3.Bg2 Bb7 4.O-O e6 5.c4 c5 6.b3 Be7 7.Bb2 O-O 8.e3 Nc6 9.Qe2 d5
10.d3 Rc8 11.Nc3 a6 12.Rac1 Qc7 13.cxd5 exd5 14.Rfd1 b5 15.e4 d4 16.Nd5 Nxd5 17.exd5
Nb4 18.Nxd4 Qd7 19.d6 Bf6 20.Bxb7 Rb8 21.Bg2 cxd4 22.a3 Na2 23.Rc6 Nc3 24.Bxc3 dxc3
25.Rxa6 b4 26.Bd5 bxa3 27.Qa2 Bd4 28.Rc1 Rfc8 29.Rxa3 Qxd6 30.Bc4 Rc7 31.Ra8 Rcb7
32.Re1 Rxa8 33.Qxa8+ Rb8 34.Re8+ Rxe8 35.Qxe8+ Qf8 36.Bxf7+ 1-0

[Event "1. Bundesliga 2016/2017"]
[Site "St. Veit/Glan"]
[Date "2017.03.26"]
[Round "8"]
[Board "1"]
[White "Martinovic, Sasa"]
[Black "Georgiadis, Nico"]
[Result "1/2-1/2"]
[WhiteElo "2551"]
[BlackElo "2478"]
[PlyCount "89"]
[EventDate "2016.10.20"]
[EventType "team"]
[EventRounds "11"]
[EventCountry "AUT"]
[WhiteTeam "SK Hohenems"]
[BlackTeam "Schachclub Sparkasse Goetzis"]

1.d4 Nf6 2.c4 e6 3.Nc3 Bb4 4.Qc2 O-O 5.Nf3 c5 6.dxc5 Na6 7.g3 Nxc5 8.Bg2 Nce4 9.O-O
Nxc3 10.bxc3 Be7 11.e4 d6 12.e5 dxe5 13.Nxe5 Qc7 14.Qe2 Nd7 15.Bf4 Nxe5 16.Bxe5 Bd6
17.Rfe1 Bxe5 18.Qxe5 Qxc4 19.Red1 a5 20.a4 f6 21.Qd6 Re8 22.Bf1 Qc6 23.Bb5 Qxd6 24.Rxd6
Rf8 25.f3 Kf7 26.c4 e5 27.c5 Be6 28.Bd7 Bxd7 29.Rxd7+ Kg6 30.Rxb7 Rfc8 31.Rc1 Rc6
32.Kf2 h5 33.Ke3 Kf5 34.Rb6 Rc7 35.Kd3 Rac8 36.Rb5 Rd8+ 37.Ke3 Ra8 38.Kd3 Rd8+ 39.Ke3
Ra8 40.h3 Ke6 41.g4 hxg4 42.hxg4 Rc6 43.Rb7 Rac8 44.Rb5 Ra8 45.Rb7 1/2-1/2

[Event "1. Bundesliga 2016/2017"]
[Site "St. Veit/Glan"]
[Date "2017.03.26"]
[Round "8"]
[Board "2"]
[White "Krassowizkij, Jaroslaw"]
[Black "Atlas, Valery"]
[Result "1/2-1/2"]
[WhiteElo "2453"]
[BlackElo "2437"]
[PlyCount "118"]
[EventDate "2016.10.20"]
[EventType "team"]
[EventRounds "11"]
[EventCountry "AUT"]
[WhiteTeam "Schachclub Sparkasse Goetzis"]
[BlackTeam "SK Hohenems"]

1.e4 c5 2.Nf3 e6 3.d4 cxd4 4.Nxd4 Nf6 5.Nc3 d6 6.g4 e5 7.Bb5+ Bd7 8.Bxd7+ Qxd7 9.Nf5
h5 10.Bg5 Nh7 11.f4 g6 12.Ne3 Nxg5 13.fxg5 Be7 14.h4 hxg4 15.Kf2 Na6 16.Kg3 Nc7 17.Qxg4
Rc8 18.Rad1 b5 19.Rhf1 Qe6 20.Ncd5 Nxd5 21.Rxd5 a6 22.b3 Rc3 23.Rd3 Rc6 24.c3 Rf8
25.Nd5 Kd7 26.Nf6+ Bxf6 27.Rxf6 Qxg4+ 28.Kxg4 Ke7 29.Rdf3 Rcc8 30.h5 gxh5+ 31.Kxh5
Rh8+ 32.Kg4 Rh7 33.Rh6 Rg7 34.Kf5 Rcg8 35.Rg3 Rc8 36.Rgh3 Rcg8 37.R3h5 Rc8 38.Rh3
Rcg8 39.R6h5 Rc8 40.Rh8 Rcg8 41.Rxg8 Rxg8 42.c4 b4 43.Rh6 Rc8 44.Rh7 Rg8 45.c5 dxc5
46.Rh6 Rc8 47.Rxa6 c4 48.bxc4 Rxc4 49.Kxe5 Rc5+ 50.Kf4 Rb5 51.Ra7+ Ke6 52.Ra6+ Ke7
53.Rc6 b3 54.axb3 Rxb3 55.Ra6 Rb5 56.Rf6 Ra5 57.Rf5 Ra1 58.Rb5 Kf8 59.Rf5 Kg7 1/2-1/2

[Event "1. Bundesliga 2016/2017"]
[Site "St. Veit/Glan"]
[Date "2017.03.26"]
[Round "8"]
[Board "3"]
[White "Froewis, Georg"]
[Black "Eisenbeiser, Amadeus"]
[Result "1-0"]
[WhiteElo "2435"]
[BlackElo "2387"]
[PlyCount "53"]
[EventDate "2016.10.20"]
[EventType "team"]
[EventRounds "11"]
[EventCountry "AUT"]
[WhiteTeam "SK Hohenems"]
[BlackTeam "Schachclub Sparkasse Goetzis"]

1.Nf3 d6 2.d4 g6 3.e4 Bg7 4.Be2 e5 5.O-O exd4 6.Nxd4 Ne7 7.Nc3 Nbc6 8.Be3 O-O 9.Qd2
Nxd4 10.Bxd4 Bxd4 11.Qxd4 Nc6 12.Qd2 Be6 13.f4 f5 14.exf5 gxf5 15.Rae1 Qf6 16.Bf3
Rae8 17.Qf2 Qd4 18.Nb5 Qg7 19.Rxe6 Rxe6 20.Bd5 Rfe8 21.Re1 Nd8 22.Nd4 Qf6 23.Nxe6
Nxe6 24.Qe3 Kf7 25.Qb3 Qd4+ 26.Kh1 Kf6 27.Bxe6 1-0

[Event "1. Bundesliga 2016/2017"]
[Site "St. Veit/Glan"]
[Date "2017.03.26"]
[Round "8"]
[Board "4"]
[White "Kessler, Luca"]
[Black "Baldauf, Marco"]
[Result "0-1"]
[WhiteElo "2433"]
[BlackElo "2456"]
[PlyCount "70"]
[EventDate "2016.10.20"]
[EventType "team"]
[EventRounds "11"]
[EventCountry "AUT"]
[WhiteTeam "Schachclub Sparkasse Goetzis"]
[BlackTeam "SK Hohenems"]

1.c4 g6 2.g3 c5 3.Bg2 Bg7 4.Nc3 Nc6 5.a3 b6 6.b4 Bb7 7.Rb1 Bxc3 8.dxc3 d6 9.Nf3 Nf6
10.O-O O-O 11.Bh6 Re8 12.h3 Qc7 13.Rc1 Ne5 14.Nxe5 dxe5 15.Bxb7 Qxb7 16.bxc5 Qc8 17.Kg2
Qxc5 18.Qa4 Rac8 19.Qb5 Ne4 20.Qxc5 Rxc5 21.Rfd1 Nd6 22.Bg5 Nxc4 23.Rd7 f6 24.Bh6
Ra5 25.Rc7 Nd6 26.Be3 Rxa3 27.c4 Kf7 28.g4 Rc8 29.Rxc8 Nxc8 30.c5 bxc5 31.Rxc5 Nd6
32.Rc7 Nb5 33.Rb7 Nd4 34.Bc1 Ra1 35.Bd2 Nxe2 0-1

[Event "1. Bundesliga 2016/2017"]
[Site "St. Veit/Glan"]
[Date "2017.03.26"]
[Round "8"]
[Board "1"]
[White "Lenic, Luka"]
[Black "Prohaszka, Peter"]
[Result "1-0"]
[WhiteElo "2645"]
[BlackElo "2592"]
[PlyCount "149"]
[EventDate "2016.10.20"]
[EventType "team"]
[EventRounds "11"]
[EventCountry "AUT"]
[WhiteTeam "SV Raika Rapid Feffernitz"]
[BlackTeam "mpimmo Wien - SK Ottakring"]

1.d4 d5 2.Nf3 Nf6 3.c4 c6 4.Nc3 dxc4 5.a4 Bf5 6.Ne5 Nbd7 7.Nxc4 Nb6 8.Ne5 a5 9.e3
Nbd7 10.Bd3 Bxd3 11.Nxd3 Qb8 12.O-O e6 13.e4 Be7 14.e5 Nd5 15.Qg4 Bf8 16.Ne4 Qa7 17.Be3
h6 18.Nd6+ Bxd6 19.Qxg7 O-O-O 20.exd6 Rdf8 21.Qg3 Qb8 22.Bf4 Qa7 23.Be3 Qb8 24.Bd2
Rhg8 25.Qf3 Qxd6 26.Bxa5 h5 27.Bc3 Rg4 28.h3 Rg5 29.Bd2 Rg6 30.Kh1 Rfg8 31.Rg1 N5f6
32.a5 Nb8 33.Bf4 Qd5 34.Qxd5 Nxd5 35.Bxb8 Kxb8 36.a6 Nc7 37.Ne5 Rg5 38.axb7 Kxb7 39.Rac1
Nd5 40.Nxf7 R5g7 41.Nd6+ Kc7 42.Ne4 Nf4 43.Ra1 Kb6 44.Ra3 Ra7 45.Rb3+ Kc7 46.Rf3 Nd5
47.Re1 Rb8 48.b3 Rb4 49.Nc5 Kb6 50.Nxe6 Re7 51.Re2 Kb5 52.Kh2 h4 53.g3 Kb6 54.gxh4
Nc7 55.Nf4 Rh7 56.Re4 Kb7 57.Nd3 Rb5 58.Nc5+ Kb6 59.Rf8 Ka5 60.Rf6 Rb6 61.Rf5 Kb4
62.h5 Nd5 63.Re6 Nc7 64.Rg6 Nb5 65.Ne6 Kxb3 66.h6 Kc4 67.Ng5 Nxd4 68.Rf8 Rbb7 69.Nxh7
Rxh7 70.Rff6 Kd5 71.Rg5+ Ke4 72.Kg3 c5 73.f3+ Ke3 74.Re5+ Kd3 75.Rxc5 1-0